000
00326nam a2200157Ia 4500
100
_a
Sinn/Richard
650
_a
Security
942
_c
BK
366
_f
25
245
_a
Software security:theory
260
_b
Cengage Learning
_c
2008
082
_a
5.8
_b
SIN
300
_a
375
546
_a
ENGLISH
_c
Computers
999
_c
19414
_d
19414